000 01549cam a2200457 4500
003 PE-LiUPU
005 20250731173342.0
020 _a8481646822
035 _a(Sirsi) i9788481646825
035 _a(Sirsi) 43038
035 _a(Sirsi) 43038
041 _aes
044 _aes
082 0 4 _a232.1
_bK66
100 1 _aKnohl, Israel
245 1 3 _aEl Mesías antes de Jesús, el siervo sufriente de los manuscritos del Mar Muerto /
_cIsrael Knohl ; traducción de Antonio Piñero.
264 1 _aMadrid :
_bTrotta,
_c[2004].
300 _a126 páginas ;
_c23 cm.
490 0 _aBiblioteca de ciencias bíblicas y orientales
_v8
505 0 _aEl secreto mesiánico -- Al tercer día -- Otro paráclito -- Los himnos mesiánicos -- Entre Roma y Jerusalén
526 _aSEG42
526 _aSEG41
526 _aSEG40
526 _aSEG39
526 _aP94
526 _aP87
526 _aP86
526 _aP85
526 _aP77
526 _aP76
526 _aP35
600 0 4 _aJesucristo
_xMesiazgo.
650 1 4 _aManuscritos del Mar Muerto.
942 _2ddc
_cBOOK
949 _a232.1 K66
_i60334
_lCCODEBUL1
_mBUL
_tLIBRO
_o.STAFF. Colección General
859 _q60334
_h232.1
_iK66
910 _aagl
_bjv
_cng
_d20090911
596 _a1
999 _a232.1 K66
_wDEWEY
_c49797
_i60334
_d49797
_f2021-11-10
_g6
_lCCODEBUL1
_mBUL
_p23.00
_q1
_r0
_sY
_tBOOK
_u2015-7-6
_xTEOLOGIA
_zUNKNOWN
_0COMPRA
_o.STAFF. Colección General
980 _81
_gALBERTO SANCHEZ Responsable de Automatización